PRODUKTY, Z KTÓRYCH POLSKA SŁYNIE W ŚWIECIE - Statystyki

Ogólne statystyki
  • Ten quiz został rozwiązany 247 razy
  • Średni wynik to 2 z 5
Statystyki odpowiedzi
Odpowiedź % Poprawnych
PIEROGI
67%
WÓDKA
63%
JABŁKA
42%
KIEŁBASA
31%
BURSZTYN
11%
Nie znaleziono quizów pasujących do podanych kryteriów
Rozkład punktacji
Procent ludzi z każdym wynikiem
Percentyl według liczby udzielonych odpowiedzi
Twoja historia wyników
Nie rozwiązałeś tego quizu